| 000 | 01225nam a2200241 a 4500 | ||
|---|---|---|---|
| 008 | 120416s1999 ||||||||||||||||| || u | ||
| 020 | _a155775831X | ||
| 050 | _aIMF(08) | ||
| 100 | _aHavrylyshyn, Oleh | ||
| 245 | 1 | 0 | _aPrivatization in transition countries: lessons of the decade |
| 260 |
_aWashington, D.C.: _bInternational Monetary Fund _c1999 |
||
| 300 | _aiii, 15p. : ill. | ||
| 350 | _a0.00 | ||
| 490 | _aEconomic issues, 1020-5098 | ||
| 490 | _v 18. | ||
| 500 | _a"August 1999." -"This Economic Issue draws on material originally contained in IMF Working Paper WP/99/6, 'Privatization in transition countries: a sampling of the literature,' by Oleh Havrylyshyn and Donal McGettigan. This version was prepared by Charles S. Gardner"--P. iii. -Includes bibliographical references. -Also issued via the Internet. | ||
| 650 | _aPRIVATIZATION--FORMER SOVIET REPUBLICS | ||
| 650 | _aPRIVATIZATION--EUROPE, EASTERN | ||
| 700 | _aMcGettigan, Donal | ||
| 710 | _aINTERNATIONAL MONETARY FUND(IMF) | ||
| 856 | _uhttp://www.imf.org/external/pubs/ft/issues/issues18/index.htm | ||
| 995 |
_D0.00 _FCBU-MAIN LIBRARY (Kitwe) _H1 _I5.00 _UAVAILABLE _ZInternational Publications |
||
| 999 |
_c54715 _d54715 |
||